000 00330pam a2200133a 44500
008 230405s1986 xxu||||| |||| 00| 0 eng d
041 _aENG
100 _aGavaskar, Sunil
245 _aOne Day Wonders
260 _aDELHI
_bRUPA & CO.
_c1986
440 _aSource =RATANAKAR MIRAJ
690 _aPHYSICAL EDUCATION
906 _a2068
999 _c782292
_d782292